| 000 | 00883nam a22002417a 4500 | ||
|---|---|---|---|
| 999 |
_c354 _d354 |
||
| 003 | AR-CdUCM | ||
| 008 | 190223b ||||| |||| 00| 0 spa d | ||
| 040 |
_aMUNICIPALIDAD PROVINCIAL DEL CUSCO _cBIBLIOTECA MUNICIPAL DEL CUSCO |
||
| 041 | _hfre | ||
| 082 |
_a927.8 / _bG45 |
||
| 100 |
_aGil - Marchex ,Henri _91442 |
||
| 245 |
_aTres músicos franceses: _bRameau, B. Berlioz, Debussy. Evocación de la vida artística de París en los siglos XVIII, XIX y XX / |
||
| 260 |
_aBuenos Aires : _bEdiciones Centurion, _c1945. |
||
| 300 |
_a528 páginas ; _bIlustraciones. _c28 cm. |
||
| 500 | _aAnalogias -- La Familia Rameau -- Viaje a Italia -- Rameau deja Aviñon -- Fin de un gran reinado... | ||
| 650 |
_aArte _9561 |
||
| 650 |
_aMusica _91443 |
||
| 650 |
_aTeatro _9173 |
||
| 650 |
_aFrancia _91444 |
||
| 650 |
_aBiografía _922 |
||
| 942 |
_2ddc _cLIBROS |
||
| 945 |
_admma _d2019-02-23 |
||